Mineralogy and early diagenesis of deep Gulf of Mexico basin sediments.

Bibliographic Details
Main Author: Whynot, John David
Other Authors: Berg, Robert R. (degree committee member.), Dixon, Joe B. (degree committee member.), Fritz, Steven J. (degree committee member.)
Format: Thesis Book
Language:English
Published: 1986.
Subjects:
Online Access:Link to ProQuest copy
Link to OAKTrust copy

MARC

Tag First Indicator Second Indicator Subfields
LEADER 00000ctm a2200000Ia 4500
001 in00000016972
005 20220104090746.0
008 880621s1986 xx a bm 000 0 eng d
035 |9 AAB1313AM 
035 |a (OCoLC)18116309 
035 |a (OCoLC)ocm18116309 
040 |a TXA  |b eng  |c TXA  |d IXA  |d OCLCQ  |d OCLCF  |d OCLCQ  |d UMI  |d OCLCO  |d TXA 
043 |a nm----- 
049 |a TXAM 
050 4 |a GC383.5  |b .W49 1986 
099 |a 1986  |a Dissertation  |a W629 
100 1 |a Whynot, John David. 
245 1 0 |a Mineralogy and early diagenesis of deep Gulf of Mexico basin sediments. 
264 1 |c 1986. 
300 |a xi, 113 leaves :  |b illustrations ;  |c 29 cm 
336 |a text  |b txt  |2 rdacontent 
337 |a unmediated  |b n  |2 rdamedia 
338 |a volume  |b nc  |2 rdacarrier 
500 |a Typescript (photocopy). 
500 |a Vita. 
502 |b Ph. D. in Geology  |c Texas A & M University  |d 1986 
504 |a Includes bibliographical references (leaves 84-89). 
520 3 |a Late Pleistocene to Middle Miocene turbidite sands (0 to 900 m depth below seafloor) from Deep Sea Drilling Project (DSDP) Leg 10 Sites 85, 90, and 91 have an average framework, grain composition of 30% quartz, 25% feldspar, and 45% rock fragments, although this composition is highly variable. Fine-grained, Pleistocene and younger Miocene sands, from Sites 85, 90, and 91, contain abundant carbonate rock fragments and lesser amounts of volcanic and plutonic rock fragments; coarse-grained, older middle Miocene sands, from Sites 90 and 91, contain relatively few carbonate rock fragments, but are abundant in volcanic and plutonic rock fragments. Fine-grained, Pleistocene and younger Miocene sands, from Sites 85, 90, and 91, contain more quartz than coarse-grained older Miocene sands, from Sites 90 and 91; fine-grained (younger) sands are enriched in plagioclase. Authigenic minerals in the sands include gypsum and opal, zeolites, smectite, and pyrite. Volcanic rock fragments show evidence of dissolution, as do some feldspar grains. Diagenetic features are best seen in some coarse-grained Miocene age sands from Site 90, which are cemented by authigenic smectite and show porosity development by grain dissolution. Authigenic clinoptilolite also occurs in the smectite cemented sands. Textural relationships suggest that material needed for the formation of smectite cement and zeolites was supplied by the alteration and dissolution of volcanic rock fragments. Miocene age sands from Site 91 do not show development of smectite cement. Because of the similarity of cemented and uncemented sands in age, texture, composition, and initial pore-fluid composition, fluid flow probably controls the development of the smectite cement. Smectite has developed only in areas of low fluid flow. Clayey sediments from DSDP Sites 85, 90, and 91 are composed of variable amounts of illite, mixed-layer illite/smectite, chlorite, and kaolinite. Coarse clay (0.1-2.0 μm) fraction samples show that feldspars and quartz are also present. Fine clay (<0.2 μm) fraction samples of clayey sediment from Site 90 show evidence of progressive uptake of K from pore-water during burial. Because the low temperatures (no higher than 25°C) encountered by these clays precludes major changes in structure or chemistry, K is probably being removed from pore-water by high-charge smectite or by mica cores in degraded detrital material. (Abstract shortened with permission of author.) 
650 0 |a Diagenesis  |z Mexico, Gulf of. 
650 0 |a Marine sediments  |z Mexico, Gulf of. 
650 0 |a Mineralogy  |z Mexico, Gulf of. 
650 0 |a Sand  |z Mexico, Gulf of. 
650 4 |a Major geology. 
655 7 |a Academic theses  |2 lcgft 
700 1 |a Berg, Robert R.,  |e degree committee member. 
700 1 |a Bryant, William R.,  |e degree supervisor. 
700 1 |a Dixon, Joe B.,  |e degree committee member. 
700 1 |a Fritz, Steven J.,  |e degree committee member. 
700 1 |a Tieh, Thomas T.,  |e degree supervisor. 
710 2 |a Texas A & M University,  |e degree granting institution. 
856 4 1 |u http://proxy.library.tamu.edu/login?url=http://proquest.umi.com/pqdweb?did=752658021&sid=1&Fmt=2&clientId=2945&RQT=309&VName=PQD  |z Link to ProQuest copy  |t 0 
856 4 1 |u https://hdl.handle.net/1969.1/DISSERTATIONS-24942  |z Link to OAKTrust copy  |t 0 
994 |a C0  |b TXA 
999 f f |s fa963185-dea1-3a2b-99bb-b834654364cf  |i 18e91eab-f544-363f-afb6-5f1cd4d2be08  |t 0 
952 f f |p noncirc  |a Texas A&M University  |b J.J. Pickle Campus  |c High Density Repository  |s HDR  |d Remote Storage  |t 0  |e 1986 Dissertation W629  |h Other scheme  |i unmediated -- volume  |m A14839618829 
952 f f |a Texas A&M University  |b College Station  |c Electronic Resources  |s www_evans  |d Available Online  |t 0  |e 1986 Dissertation W629  |h Other scheme 
998 f f |a 1986 Dissertation W629  |t 0  |l Available Online 
998 f f |a 1986 Dissertation W629  |t 0  |l Remote Storage